| 000 | 00903cam a22002891i 4500 | ||
|---|---|---|---|
| 001 | EG-ScBUE | ||
| 003 | 320.54095694 | ||
| 005 | 20231207152041.0 | ||
| 008 | 750603t1962 nyu f 001 0beng d | ||
| 035 | _a(OCoLC)1370660 | ||
| 040 |
_aDLC _beng _erda _cFO _dOCoLC _dDLC _dEG-ScBUE |
||
| 082 | 0 | 4 |
_a954.04092 _222 _bLEN |
| 100 | 1 |
_aLengyel, Emil, _d1895- _eauthor. _910174 |
|
| 245 | 1 | 0 |
_aKrishna Menon/ _cEmil Lengyel. |
| 264 | 1 |
_aNew York : _bWalker and Company, _c[1962] |
|
| 264 | 4 | _cc1962 | |
| 300 |
_a253 pages ; _c21 cm |
||
| 336 |
_2rdacontent _atext _btxt |
||
| 337 |
_2rdamedia _aunmediated _bn |
||
| 338 |
_2rdacarrier _avolume _bnc |
||
| 500 | _aIncludes index. | ||
| 600 | 1 | 7 |
_aKrishna Menon, V. K. _q(Vengalil Krishnan), _d1897-1974. _2BUEsh _910175 |
| 650 | 7 |
_2BUEsh _aStatesmen _zIndia _vBiography. |
|
| 655 | _vReading book | ||
| 942 |
_2ddc _cBB |
||
| 999 |
_c13086 _d13086 |
||